000 00318nam a22001337a 4500
008 181018b xxu||||| |||| 00| 0 eng d
020 _a0060155078
041 _aeng
080 _a370
100 _a48
101 _aedu
245 _aCollege The Undergraduate Experience In America
_cBoyer.E.L
942 _2udc
_cBK
999 _c50153
_d50153